Laziness of countries - Statistics

General Stats
  • This quiz has been taken 57 times
  • The average score is 9 of 25
Answer Stats
Hint Answer % Correct
50.2% Spain
80%
63.3% United Kingdom
80%
49.2% Brazil
74%
54.3% Italy
70%
51% Portugal
67%
68.3% Argentina
65%
53.2% Ireland
57%
60.2% Japan
46%
68.8% Saudi Arabia
44%
52.4% South Africa
44%
56% Turkey
44%
58.4% Iraq
41%
64.5% Kuwait
30%
51.1% Samoa
24%
60% Dominican Republic
20%
71.9% Malta
20%
68.3% Serbia
20%
61.4% Malaysia
19%
49.6% Marshall Islands
19%
58.5% Namibia
19%
55.4% Cyprus
17%
52.3% Bhutan
15%
69% Swaziland
11%
62.5% United Arab Emirates
11%
66.3% Micronesia
9%
No matching quizzes found
Score Distribution
Percent of People with Each Score
Percentile by Number Answered
Your Score History
You have not taken this quiz